Online
Catalog

La ideología del azar y de la necesidad / (Record no. 34464)

MARC details
000 -CABECERA
campo de control de longitud fija 01022nam a2200277 a 4500
001 - NÚMERO DE CONTROL
campo de control 000034973
005 - FECHA Y HORA DE LA ÚLTIMA TRANSACCIÓN
campo de control 20240509120303.0
008 - DATOS DE LONGITUD FIJA--INFORMACIÓN GENERAL
campo de control de longitud fija 111024s1974 sp 000 0 spa d
020 ## - NÚMERO INTERNACIONAL ESTÁNDAR DEL LIBRO
Número Internacional Estándar del Libro 8421102966
040 ## - FUENTE DE LA CATALOGACIÓN
Centro catalogador/agencia de origen DO-SdBNP
Lengua de catalogación spa
Centro/agencia transcriptor BNPHU
041 17 - CÓDIGO DE LENGUA
Código de lengua del texto/banda sonora o título independiente spa
Código de lengua original fre
100 1# - ENTRADA PRINCIPAL--NOMBRE DE PERSONA
Nombre de persona Barthelemy-Madaule, Madeleine
9 (RLIN) 60568
245 13 - MENCIÓN DE TÍTULO
Título La ideología del azar y de la necesidad /
Mención de responsabilidad, etc. Madeleine Barthelemy-Madaule ; traducción de Juan Senén.
260 ## - PUBLICACIÓN, DISTRIBUCIÓN, ETC.
Lugar de publicación, distribución, etc. Barcelona :
Nombre del editor, distribuidor, etc. Barral Editores,
Fecha de publicación, distribución, etc. 1974.
300 ## - DESCRIPCIÓN FÍSICA
Extensión 254 p. ;
Dimensiones 20 cm.
490 0# - MENCIÓN DE SERIE
Mención de serie Breve biblioteca de respuesta ;
Designación de volumen o secuencia 96
500 ## - NOTA GENERAL
Nota general Tít. original: L'idéologie du hasard et de la nécessité
504 ## - NOTA DE BIBLIOGRAFÍA, ETC.
Nota de bibliografía, etc. Incluye bibliografía y referencias
600 14 - PUNTO DE ACCESO ADICIONAL DE MATERIA--NOMBRE DE PERSONA
Nombre de persona BERGSON, HENRI,
Fechas asociadas al nombre 1859-1941
9 (RLIN) 8731
600 14 - PUNTO DE ACCESO ADICIONAL DE MATERIA--NOMBRE DE PERSONA
Nombre de persona TEILHARD DE CHARDIN, PIERRE,
Fechas asociadas al nombre 1881-1955
9 (RLIN) 5222
650 20 - PUNTO DE ACCESO ADICIONAL DE MATERIA--TÉRMINO DE MATERIA
Término de materia o nombre geográfico como elemento de entrada Ideología
9 (RLIN) 9534
650 24 - PUNTO DE ACCESO ADICIONAL DE MATERIA--TÉRMINO DE MATERIA
Término de materia o nombre geográfico como elemento de entrada Cambio (filosofía)
9 (RLIN) 60569
650 24 - PUNTO DE ACCESO ADICIONAL DE MATERIA--TÉRMINO DE MATERIA
Término de materia o nombre geográfico como elemento de entrada Necesidad (filosofía)
9 (RLIN) 60570
700 1# - PUNTO DE ACCESO ADICIONAL--NOMBRE DE PERSONA
Nombre de persona Senén, Juan,
Término indicativo de función/relación trad.
9 (RLIN) 60571
830 #0 - PUNTO DE ACCESO ADICIONAL DE SERIE-TÍTULO UNIFORME
Título uniforme Breve biblioteca de respuesta ;
Número de parte o sección de la obra 96
9 (RLIN) 60572
Holdings
Estado de retiro Estado de pérdida Restricciones de uso No para préstamo Código de colección Localización permanente Ubicación/localización actual Ubicación en estantería Fecha de adquisición Número de inventario Total de préstamos Signatura topográfica completa Código de barras Fecha visto por última vez Precio válido a partir de Tipo de ítem Koha Nota pública
        Monografías: Libros y Folletos General General Orden iniciada 24.10.2011 LF1   34973-10 25.06.2020 25.06.2020 No se presta Biblioteca Juan Isidro Jiménes Grullón

Powered by Koha